Statistics for Provinces of the Anglican Communion

Click here to take the quiz!

General Stats

  • This quiz has been taken 9 times
  • The average score is 26 of 42

Answer Stats

RegionProvince% Correct
Asia & the PacificAotearoa, New Zealand & Polynesia
100%
Asia & the PacificAustralia
100%
Asia & the PacificBangladesh
100%
North AmericaCanada
100%
AfricaCongo
100%
AfricaKenya
100%
Latin America & the CaribbeanMexico
100%
Asia & the PacificPakistan
100%
Asia & the PacificPapua New Guinea
100%
AfricaTanzania
100%
North AmericaThe Episcopal Church (United States)
100%
Asia & the PacificThe Philippines
100%
Latin America & the CaribbeanBrazil
67%
Latin America & the CaribbeanChile
67%
Middle East & North AfricaJerusalem & The Middle East
67%
Asia & the PacificKorea
67%
Asia & the PacificMyanmar (Burma)
67%
AfricaNigeria
67%
Asia & the PacificNippon Sei Ko Kai (Japan)
67%
AfricaRwanda
67%
EuropeScottish Episcopal Church
67%
AfricaSudan
67%
EuropeThe Church in Wales
67%
EuropeThe Church of England
67%
EuropeThe Church of Ireland
67%
AfricaUganda
67%
AfricaBurundi
33%
AfricaCentral Africa
33%
Latin America & the CaribbeanCentral America
33%
Asia & the PacificHong Kong Sheng Kung Hui
33%
Asia & the PacificMelanesia
33%
AfricaMozambique and Angola
33%
Asia & the PacificNorth India
33%
Latin America & the CaribbeanSouth America
33%
Asia & the PacificSoutheast Asia
33%
AfricaSouthern Africa
33%
Asia & the PacificSouth India
33%
AfricaSouth Sudan
33%
AfricaWest Africa
33%
Latin America & the CaribbeanWest Indies
33%
Middle East & North AfricaAlexandria
0%
AfricaThe Indian Ocean
0%

Score Distribution

Percentile by Number Answered

Percent of People with Each Score

Your Score History

You have not taken this quiz